000 00456nam a2200181Ia 4500
005 20240823005145.0
008 240823s9999||||xx |||||||||||||| ||und||
041 _aENGLISH
082 _A658.407 N7
100 _a"Snape,ED [etal]"
245 4 _aThe Best Techniques for Managing Managers
250 _a1st
260 _c1997
_b"Beacon,New Delhi"
500 _aTRANSFERED
650 _aManagement
_bManagement Studies
942 _cBK
999 _c154913
_d154913